[Event "GRE-chT 46th"]
[Site "Rio Achaia"]
[Date "2018.07.13"]
[Round "5.11"]
[White "Tafani, Kleinta"]
[Black "Batsi, Varvara"]
[Result "1/2-1/2"]
[WhiteElo "1102"]
[BlackElo "1241"]
[PlyCount "88"]
[EventDate "2018.07.10"]
[EventType "team"]
[EventRounds "7"]
[EventCountry "GRE"]
[SourceTitle "CBM 185 Extra"]
[Source "ChessBase"]
[SourceDate "2018.07.29"]
[SourceVersion "1"]
[SourceVersionDate "2018.07.29"]
[SourceQuality "1"]
[WhiteTeam "You Go You"]
[BlackTeam "Triandrias OF"]
[WhiteTeamCountry "GRE"]
[BlackTeamCountry "GRE"]

1. d4 d5 2. c4 e6 3. Nc3 Nf6 4. cxd5 exd5 5. Bg5 Be7 6. e3 c6 7. Bd3 Be6 8. Qb3 Qc8 9. Nf3 Nbd7 10. 0-0 0-0 11. Qc2 Re8 12. Rab1 a6 13. b4 Qc7 14. a4 Rac8 15. Rfc1 h6 16. Bh4 Bd6 17. Bxf6 Nxf6 18. h3 Qe7 19. Rb3 Rc7 20. Qb2 Rec8 21. b5 axb5 22. axb5 Ra8 23. Ra1 Rcc8 24. Na4 Nd7 25. bxc6 bxc6 26. Rb7 Rcb8 27. Rxb8+ Rxb8 28. Qc3 c5 29. dxc5 Nxc5 30. Nxc5 Bxc5 31. Nd4 Bxd4 32. Qxd4 Qg5 33. h4 Qe7 34. Qf4 Rd8 35. Rb1 Qa7 36. Qb4 Qc7 37. Qb6 Qxb6 38. Rxb6 g6 39. g3 Kf8 40. Rb7 Rd7 41. Rxd7 Bxd7 42. Kg2 Ke7 43. Kf3 Kf6 44. g4 Ke5 1/2-1/2

[Event "GRE-chT 46th"]
[Site "Rio Achaia"]
[Date "2018.07.12"]
[Round "4.14"]
[White "Tafani, Kleinta"]
[Black "Vitzileou, Fedra"]
[Result "1-0"]
[WhiteElo "1102"]
[BlackElo "1226"]
[PlyCount "57"]
[EventDate "2018.07.10"]
[EventType "team"]
[EventRounds "7"]
[EventCountry "GRE"]
[SourceTitle "CBM 185 Extra"]
[Source "ChessBase"]
[SourceDate "2018.07.29"]
[SourceVersion "1"]
[SourceVersionDate "2018.07.29"]
[SourceQuality "1"]
[WhiteTeam "You Go You"]
[BlackTeam "Asos Rodou Hippotis"]
[WhiteTeamCountry "GRE"]
[BlackTeamCountry "GRE"]

1. d4 Nf6 2. c4 e6 3. Nc3 Bb4 4. Bd2 0-0 5. Nf3 b6 6. e3 Bb7 7. Bd3 c5 8. a3 Bxc3 9. Bxc3 cxd4 10. exd4 Nc6 11. Qc2 h6 12. 0-0-0 Qe7 13. Rhg1 Rfc8 14. Kb1 Na5 15. Nd2 Ba6 16. Bb4 Qd8 17. c5 Bxd3 18. Qxd3 bxc5 19. dxc5 Nd5 20. Ne4 Nc6 21. Qc4 Ncxb4 22. axb4 Rcb8 23. b5 Qa5 24. Nd6 Nc7 25. Nxf7 Nxb5 26. Nxh6+ Kf8 27. Qf4+ Ke8 28. Qf7+ Kd8 29. Qxd7# 1-0